Operations and Supply Chain Management 10/e
Saved in:
| Hovedforfatter: | |
|---|---|
| Format: | Bog |
| Udgivet: |
Wiley India
|
| Tags: |
Ingen Tags, Vær først til at tagge denne postø!
|
MARC
| LEADER | 00000nam a2200000Ia 4500 | ||
|---|---|---|---|
| 005 | 20260513122055.0 | ||
| 020 | |a 9789354644092 | ||
| 100 | |a Russell | ||
| 365 | |c Rs. | ||
| 365 | |b 20.00 | ||
| 942 | |c BK | ||
| 245 | |a Operations and Supply Chain Management 10/e | ||
| 260 | |b Wiley India | ||
| 999 | |c 129 |d 129 | ||
| 952 | |0 0 |1 0 |4 0 |7 0 |a UNSW |b UNSW |d 2026-05-06 |g 1189.00 |i 16683 |l 0 |p 000057 |r 2026-05-13 12:20:55 |v 1189.00 |w 2026-05-13 |y BK | ||